| 000 | 04311cam a22004454a 4500 | ||
|---|---|---|---|
| 001 | 89025 | ||
| 005 | 20230410142328.0 | ||
| 008 | 020227s2002 miu b 001 0 eng | ||
| 010 | _a 2002019439 | ||
| 035 | _a(OCoLC)ocm49261290 | ||
| 040 |
_aDLC _cDLC _dPGC _dBAKER _dNLGGC _dBTCTA _dYDXCP _dAU@ _dIG# _dHNW |
||
| 020 | _a0802847617 (pbk. : alk. paper) | ||
| 029 | 1 |
_aNLGGC _b245307117 |
|
| 029 | 1 |
_aYDXCP _b1859954 |
|
| 035 | _a(OCoLC)49261290 | ||
| 042 | _apcc | ||
| 050 | 1 | 4 |
_aBR 121.3 _bN38w 2002 |
| 082 | 0 | 0 | _a230 |
| 084 |
_a11.02 _2bcl |
||
| 049 | _aGRAL | ||
| 100 | 1 | _aNaugle, David K. | |
| 245 | 1 | 0 |
_aWorldview : _bthe history of a concept / _cDavid K. Naugle; foreword by Arthur F. Holmes |
| 260 |
_aGrand Rapids, Michigan / Cambridge: _bW.B. Eerdmans Pub., _cc2002. |
||
| 300 |
_axxii, 384 p. ; _c24 cm. |
||
| 504 | _aIncludes bibliographical references (p. 357-359) and index. | ||
| 505 | 0 | _aPrologue : Uncle Andrew in C.S. Lewis's The magician's nephew -- 1. The wonder of worldview I : Protestant evangelicalism. Original worldview thinkers in Protestant evangelicalism. James Orr ; Gordon H. Clark and Carl F.H. Henry ; Abraham Kuyper -- Herman Dooyeweerd ; Francis A. Schaeffer -- 2. The wonder of worldview II : Roman Catholicism and Eastern Orthodoxy. Roman Catholicism ; Eastern Orthodoxy -- 3. A philological history of "worldview". Word studies on Weltanschauung ; The first use of Weltanschauung in Immanuel Kant ; The use of Weltanschauung in German and other European languages -- Weltanschauung and "worldview" in the English-speaking world -- 4. A philosophical history of "worldview" : the nineteenth century. "Worldview" in G.W.F Hegel ; "Worldview" and "Lifeview" in S²ren Kierkegaard ; "Worldview" in Wilhelm Dilthey -- "Worldview" and perspectivism in Friedrich Nietzsche -- 5. A philosophical history of "worldview" : the twentieth century. "Worldview" in Edmund Husserl ; "Worldview" in Karl Jaspers ; "Worldview" in Martin Heidegger -- | |
| 505 | 0 | _a6. A philosophical history of "worldview" : the twentieth century II : "Worldview" and "world picture" in Ludwig Wittgenstein ; Donald Davison on "conceptual schemes" ; "Worldview" and postmodernity -- 7. A disciplinary history of "world view" I : the natural sciences. Michael Polanyi's tacit dimension and personal knowledge in the natural sciences ; Thomas Kuhn's paradigm revolution in the philosophy of science -- 8. A disciplinary history of "worldview" II : The social sciences. "Worldview" in psychology. Sigmund Freud : "The question of a Weltanschauung" ; C.G. Jung : "Psychotherapy and a philosophy of life" -- "Worldview" in sociology. Karl Mannheim : "On the interpretation of Weltanschauung" ; Peter Berger and Thomas Luckmann : The sociology of knowledge and sacred canopy ; Karl Marx and Friedrich Engels : Worldview and ideology -- "Worldview" in cultural anthropology. Michael Kearney : Worldview ; Robert Redfield : The primitive and modern worldviews -- | |
| 505 | 0 | _a9. Theological reflections on "worldview". Worldviews and "worldview" -- Christian worldview and "worldview" : Issues of objectivity ; Issues of subjectivity ; Issues of sin and spiritual warfare ; Issues of grace and redemption -- 10. Philosophical reflections on "worldview". Worldview and semiotics ; Worldview and narrative ; Worldview and reason ; Worldview and hermeneutics ; Worldview and epistemology -- 11. Concluding reflections. Dangers of worldview ; Benefits of worldview -- Epilogue : Eustace in C.S. Lewis's The voyage of the "Dawn Treader" -- Appendix A: Synopses of additional evangelical worldview contributions : James H. Olthuis ; Brian J. Walsh and J. Richard Middleton ; Albert M. Wolters ; Arthur F. Holmes ; James W. Sire ; Charles Colson and Nancy Pearcey -- Appendix B: A bibliography of books on the Christian worldview not addressed in this volume. | |
| 650 | 0 | _aChristianity. | |
| 650 | 1 | 7 |
_aWereldbeeld. _2gtt |
| 650 | 1 | 7 |
_aGodsdienstfilosofie. _2gtt |
| 700 | 1 | _aHolmes, Arthur F. | |
| 938 |
_aBaker & Taylor _bBKTY _c28.00 _d21.00 _i0802847617 _n0003915021 _sactive |
||
| 938 |
_aBaker and Taylor _bBTCP _n2002019439 |
||
| 938 |
_aYBP Library Services _bYANK _n1859954 |
||
| 938 |
_aIngram _bINGR _n9780802847614 |
||
| 942 |
_2lcc _cbk |
||
| 946 | _aAFJ | ||
| 994 |
_aC0 _bDRFGD |
||
| 999 |
_c93651 _d93651 |
||